000 00327nam a2200133Ia 4500
008 240624s9999 xx 000 0 und d
041 _aeng
082 _a823 BRA
100 _aBRADFORD BARBARA TAYLOR
245 _aHOLD THE DREAM
260 _c1993
_aLondon
_bHarper Collins Publishers
300 _a831p. ; 18cm.
365 _cBPS
999 _c3980
_d3980